| 000 | 00833cam a22002531 4500 | ||
|---|---|---|---|
| 001 | 10312616 | ||
| 005 | 20050628092523.0 | ||
| 008 | 721130s1962 nyu | b 001 0 eng d | ||
| 010 | _a 62019422 | ||
| 035 | _a(OCoLC)504428 | ||
| 040 |
_aDLC _cOYesA _dOCoLC _dDLC |
||
| 042 | _apremarc | ||
| 050 | 0 | 0 |
_aUA23 _b.C673 |
| 082 |
_a355.02130973 _bCOO _222 |
||
| 100 | 1 |
_aCook, Fred J. _910457 |
|
| 245 | 1 | 4 |
_aThe Warfare State/ _cFred J. Cook |
| 260 |
_aNew York: _bMacmillan, 1962 _c1962 |
||
| 300 |
_a376 p.; _c22 cm. |
||
| 500 | _aDonated by: Alaa Abdel Ghany | ||
| 500 | _aIncludes index | ||
| 650 | 0 |
_aMilitarism _zUnited States. _910458 |
|
| 942 |
_2ddc _cBB |
||
| 999 |
_c13158 _d13158 |
||